Double Trouble Countries 2 - Statistics

General Stats
  • This quiz has been taken 493 times
  • The average score is 34 of 40
Answer Stats
Hint Answer % Correct
Haiti
96%
Orranda / Rwaand Rwanda
94%
Mongolia
92%
Singapore
92%
Rosbah / Comorain Comoros
91%
Croelsalv / Adoratia Croatia
91%
Sri Lanka
91%
Tanprus / Cyzania Cyprus
90%
Monglith / Oliauania Lithuania
90%
Thauk / Raineiland Thailand
90%
Bahrain
89%
Malegy / Awipt Egypt
89%
Malawi
89%
Srilasaint / Lucianka Saint Lucia
89%
Tanzania
89%
Andorra
87%
Austria
87%
Portugal
87%
Argapore / entinasing Argentina
86%
Austodia / Cambria Cambodia
86%
Slovakia
86%
Bruru / Guayunei Brunei
85%
Haarme / Niaiti Armenia
84%
Vakiaswe / Denslo Sweden
83%
Bulgaria
82%
El Salvador
82%
Porgeria / Tugalni Nigeria
82%
Ukraine
82%
Uatubul / Gariavan Vanuatu
82%
Inbarb / Adosben Barbados
81%
Lizeaust / Raliabe Belize
80%
Benin
80%
Kiribati
80%
Australia
79%
Kirimaica / Batija Jamaica
77%
Latvia
76%
Uruguay
76%
Rearus / Siaerit Russia
74%
Inamela / Surtvia Suriname
74%
Eritrea
71%
No matching quizzes found
Score Distribution
Percent of People with Each Score
Percentile by Number Answered
Your Score History
You have not taken this quiz